[Event "Kheireddine Ameyar Memorial"]
[Site "Tipaza ALG"]
[Date "2011.06.26"]
[Round "4"]
[White "Sumets,A"]
[Black "Njili,K"]
[Result "1-0"]
[WhiteElo "2579"]
[BlackElo "2330"]

1.d4 Nf6 2.c4 e6 3.Nf3 d5 4.Nc3 Be7 5.Bf4 O-O 6.e3 c6 7.Qc2 b6 8.Bd3 Ba6
9.cxd5 Bxd3 10.Qxd3 Nxd5 11.Nxd5 Qxd5 12.O-O Nd7 13.e4 Nc5  1-0

[Event "TCh-TUR 2011"]
[Site "Konya TUR"]
[Date "2011.06.28"]
[Round "1"]
[White "Ibrahimov,R"]
[Black "Melia,S"]
[Result "1/2-1/2"]
[WhiteElo "2532"]
[BlackElo "2444"]

1.Nf3 d5 2.d4 Nf6 3.c4 e6 4.Nc3 Be7 5.Bf4 c5 6.dxc5 Bxc5 7.e3 Nc6 8.a3 O-O
9.Qc2 Qa5 10.Rd1 Be7 11.Be2 dxc4 12.Bxc4 Nh5 13.Bd6 Bxd6 14.Rxd6 Nf6 15.Rd2 Rd8
16.O-O Rxd2 17.Nxd2 Bd7 18.Rd1 Rd8 19.Nde4 Nxe4 20.Qxe4 Be8 21.Rxd8  1/2-1/2

[Event "TCh-TUR 2011"]
[Site "Konya TUR"]
[Date "2011.06.28"]
[Round "1"]
[White "Nyzhnyk,I"]
[Black "Mirzoev,A"]
[Result "1-0"]
[WhiteElo "2583"]
[BlackElo "2481"]

1.d4 d5 2.c4 e6 3.Nf3 Be7 4.Nc3 Nf6 5.Bf4 O-O 6.e3 c6 7.Qc2 Nbd7 8.Bg3 b6
9.Bd3 Bb7 10.O-O dxc4 11.Bxc4 c5 12.Rfd1 Qc8 13.Qe2 a6 14.a4 cxd4 15.Nxd4 Nc5
16.f3 Rd8 17.b4 Ncd7 18.Rac1 Bxb4 19.Nxe6 fxe6 20.Bxe6+ Kh8 21.Ne4 Qxc1 22.Rxc1 Nxe4
23.fxe4 Nc5 24.Bd5 Bxd5 25.exd5 Ne4 26.Be5 Bf8 27.Qg4 Nc5 28.Rf1 Ra7 29.a5 bxa5
30.Bd4 Rb7 31.Qg5 Re8 32.d6 Ne6 33.Qd5 Rbb8 34.d7 Rbc8  1-0

[Event "10th La Fere Open"]
[Site "La Fere FRA"]
[Date "2011.07.03"]
[Round "2.24"]
[White "Jimenez,Mart"]
[Black "Vernadet,Cyril"]
[Result "1-0"]
[WhiteElo "1888"]
[BlackElo "1649"]

1.d4 e6 2.c4 d5 3.Nc3 Nf6 4.Nf3 Be7 5.Bf4 Nh5 6.Bg3 Nxg3 7.hxg3 c6 8.c5 b6
9.b4 a5 10.a3 axb4 11.axb4 Rxa1 12.Qxa1 bxc5 13.bxc5 Ba6 14.Ne5 Qc7 15.e3 Bxf1
16.Kxf1 Bxc5 17.Qb1 Bd6 18.f4 Bxe5 19.fxe5 g6 20.Qb4 Na6 21.Qa3 Nb8 22.Kf2 c5
23.Nb5 Qc6 24.Nd6+ Kf8 25.Rb1 Nd7 26.Rb7 Kg7 27.Qa7 Rd8 28.Rc7 Ra8 29.Qb7 Qxb7
30.Rxb7 Rd8 31.Rc7 Nb8 32.Rxf7+ Kg8 33.Re7 Nc6 34.Rxe6 cxd4 35.Nb7 dxe3+
36.Kxe3 Rb8 37.Rxc6 Rxb7 38.Kd4 Rb3 39.e6 Kf8 40.Ke5 d4 41.Kd6 Re3 42.Kd7 d3
43.Rd6 h5 44.Rd4 g5 45.Rd5 h4 46.g4 Re4 47.Rxd3 Kg7 48.e7  1-0

[Event "86th ch-Paris IdF"]
[Site "Paris FRA"]
[Date "2011.07.03"]
[Round "2.1"]
[White "Arnold,Mar"]
[Black "Fedorchuk,S"]
[Result "1/2-1/2"]
[WhiteElo "2445"]
[BlackElo "2618"]

1.d4 Nf6 2.c4 e6 3.Nf3 d5 4.Nc3 Be7 5.Bf4 O-O 6.e3 Nbd7 7.cxd5 Nxd5 8.Nxd5 exd5
9.a3 c5 10.dxc5 Nxc5 11.Be2 Bf6 12.Be5 Bf5 13.Bxf6 Qxf6 14.Nd4 Be4 15.Rc1 Rac8
16.O-O Qg5 17.g3 Ne6 18.Qd2 Qf6 19.f3 Bg6 20.Rxc8 Rxc8 21.Rc1 Re8 22.Nxe6 Qxe6
23.Qd4 h6 24.Rc3 Qf5 25.Kg2 Qb1 26.Qd2 Re6 27.Bd1 Kh7 28.Rc1 Qa2 29.Bc2 Rb6
30.Bxg6+ fxg6 31.Rc2 Qb3 32.Qc1 a5 33.Kf2 a4 34.Re2 Rc6 35.Qd2 Rc5 36.Kg2 Qc4
37.Re1 Qc2 38.Rd1 Qb3 39.Rc1 Rb5  1/2-1/2

[Event "5th Varna Open"]
[Site "Golden Sands BUL"]
[Date "2011.07.04"]
[Round "2"]
[White "Musaev,E"]
[Black "Legky,N"]
[Result "1-0"]
[WhiteElo "2120"]
[BlackElo "2430"]

1.c4 e6 2.Nf3 d5 3.d4 Nf6 4.Nc3 Be7 5.Bf4 O-O 6.e3 Nbd7 7.cxd5 Nxd5 8.Nxd5 exd5
9.Bd3 c6 10.O-O Nb6 11.Ne5 Be6 12.Qh5 f5 13.g4 Qe8 14.Qh3 Qc8 15.Kh1 Nc4
16.Rg1 Bd6 17.gxf5 Bxf5 18.Rxg7+ Kxg7 19.Rg1+ Kh8 20.Bxf5 Qxf5 21.Ng6+ Qxg6
22.Rxg6 Bxf4 23.exf4 Rxf4 24.Qh6 Rf7 25.Rf6 Rg7 26.Re6 Nxb2 27.Qf6 Nd3 28.h4 Kg8
29.Re3 Rg6 30.Qf5 Nb4 31.h5 Rf8 32.Qd7 Rg7 33.Qe6+ Kh8 34.h6 Rg6 35.Qe5+ Rff6
36.Qxf6+  1-0

[Event "TCh-TUR 2011"]
[Site "Konya TUR"]
[Date "2011.07.04"]
[Round "7"]
[White "Ozturk,Ku"]
[Black "Gencer,O"]
[Result "1-0"]
[WhiteElo "2262"]
[BlackElo "1870"]

1.d4 d5 2.c4 e6 3.Nf3 Nf6 4.Nc3 Be7 5.Bf4 c6 6.e3 O-O 7.Bd3 h6 8.O-O Nbd7
9.h3 b6 10.a3 Bb7 11.cxd5 exd5 12.Rc1 Re8 13.Re1 Nf8 14.Ne5 Ne6 15.Bg3 a6
16.b4 a5 17.Qb3 b5 18.Na2 Qb6 19.Bb1 Rec8 20.Qc2 Nf8 21.f3 axb4 22.axb4 Ra4
23.Nd3 N6d7 24.Nc3 Ra3 25.Bf2 Bf6 26.Ne2 Qd8 27.e4 Nb6 28.Nc5 Ba8 29.e5 Bh4
30.g3 Be7 31.Kg2 Nc4 32.Nf4 Ra7 33.e6 Bxc5 34.dxc5 fxe6 35.Nxe6 Qf6 36.Bd4 Qf7
37.Nxf8 Kxf8 38.Qh7 Nd2 39.Bxg7+ Qxg7 40.Qf5+ Qf7 41.Qxc8+ Kg7 42.Qg4+ Kf8
43.Bg6  1-0

[Event "TCh-TUR 2011"]
[Site "Konya TUR"]
[Date "2011.07.04"]
[Round "8"]
[White "Mchedlishvili,M"]
[Black "Miroshnichenko,E"]
[Result "1/2-1/2"]
[WhiteElo "2629"]
[BlackElo "2651"]

1.d4 d5 2.c4 e6 3.Nc3 Be7 4.Nf3 Nf6 5.Bf4 O-O 6.Rc1 Nbd7 7.c5 Nh5 8.Bd2 c6
9.e4 dxe4 10.Nxe4 Qc7 11.Bc4 e5 12.O-O exd4 13.Bg5 Ndf6 14.Nxf6+ Bxf6 15.Bxf6  1/2-1/2

[Event "TCh-TUR 2011"]
[Site "Konya TUR"]
[Date "2011.07.04"]
[Round "8"]
[White "Shimanov,A"]
[Black "Kucuk,D"]
[Result "1-0"]
[WhiteElo "2583"]
[BlackElo "1885"]

1.c4 Nf6 2.Nf3 e6 3.Nc3 d5 4.d4 Be7 5.Bf4 c6 6.e3 O-O 7.h3 Nbd7 8.c5 Ne4
9.Qc2 Qa5 10.Bd3 Ndf6 11.Ne5 h6 12.O-O Nxc3 13.bxc3 Nd7 14.c4 Qd8 15.Rab1 Nxe5
16.Bxe5 Bf6 17.Bd6 Re8 18.Rfd1 dxc4 19.Bxc4 b5 20.Be2 Bb7 21.a4 a6 22.Qe4 Qc8
23.h4 Be7 24.Be5 Qd7 25.h5 Qd5 26.Qg4 f6 27.Bf3 Qd7 28.Be4 Bd8 29.Qg6 f5
30.Bf3 Bc7 31.e4 Rac8 32.axb5 axb5 33.Ra1 Bb8 34.g4 fxg4 35.Bxg4 Qf7 36.Bd6 Rcd8
37.e5 Qd7 38.Rd3 Qf7 39.Rf3 Qxg6 40.hxg6 Bxd6 41.cxd6 c5 42.Rf7 Bd5 43.Raa7 cxd4
44.Rxg7+ Kh8 45.Rh7+ Kg8  1-0

[Event "9th Niki Open"]
[Site "Nachod CZE"]
[Date "2011.07.04"]
[Round "3.21"]
[White "Hylkema,R"]
[Black "Kuru,M"]
[Result "1-0"]
[WhiteElo "2039"]
[BlackElo "1866"]

1.d4 d5 2.c4 e6 3.Nc3 Nf6 4.Nf3 Be7 5.Bf4 c6 6.c5 b5 7.a3 Nbd7 8.e3 O-O 9.Bd3 Bb7
10.Qc2 Re8 11.h3 Nf8 12.O-O h6 13.Nxb5 cxb5 14.Bxb5 N8d7 15.c6 Bxc6 16.Qxc6 Qb6
17.Ne5 Rec8 18.Qxb6 Nxb6 19.Bc6 Rab8 20.Nf3  1-0

[Event "XXXIV Open"]
[Site "Barbera del Valles ESP"]
[Date "2011.07.05"]
[Round "2"]
[White "Gonzalez Garcia,J2"]
[Black "Ryan,Jo"]
[Result "1/2-1/2"]
[WhiteElo "2522"]
[BlackElo "2267"]

1.d4 d5 2.c4 e6 3.Nf3 Nf6 4.Nc3 Be7 5.Bf4 O-O 6.e3 Nbd7 7.c5 Nh5 8.Bd3 Nxf4
9.exf4 b6 10.b4 a5 11.a3 c6 12.O-O Qc7 13.g3 Ba6 14.Qc2 Bxd3 15.Qxd3 Bf6
16.Rfc1 axb4 17.axb4 bxc5 18.bxc5 Rfb8 19.Kg2 h6 20.h4 h5 21.Rxa8 Rxa8 22.Rb1 Ra3
23.Nxd5 Rxd3 24.Nxc7 Bxd4 25.Na6 Bxc5 26.Nxc5 Nxc5 27.Rb8+ Kh7 28.Rc8 Ne4
29.Rxc6 Rc3 30.Ng5+ Kg6 31.f5+ Kxf5 32.Rxc3 Nxc3 33.Nxf7 e5 34.Nd6+ Ke6 35.Nc4 e4
36.Ne3 Ke5 37.Kf1 Nb5 38.Ng2 g6 39.Nf4 Kf5 40.Nh3 Nd4 41.Ng5 Nf3 42.Nxf3 exf3
43.Ke1 Ke4 44.Kd2 Kd4 45.Kc2 Kc4 46.Kd2  1/2-1/2

[Event "39th TCh-GRE"]
[Site "Eretria GRE"]
[Date "2011.07.05"]
[Round "4.8"]
[White "Lirindzakis,T"]
[Black "Tsiropoulas,A"]
[Result "1/2-1/2"]
[WhiteElo "2338"]
[BlackElo "2073"]

1.d4 d5 2.c4 e6 3.Nf3 Nf6 4.Nc3 Be7 5.Bf4 O-O 6.e3 b6 7.cxd5 exd5 8.Rc1 c5
9.dxc5 bxc5 10.Be2 Bb7 11.O-O Nbd7 12.Ne5 Nb6 13.Bf3 Rc8 14.Qc2 Re8 15.Bg3 Bd6
16.Nd3 Bxg3 17.hxg3 Qd7 18.Rfd1 g5 19.Nb1 c4 20.Ne1 g4 21.Be2 Ne4 22.Nc3 Ng5
23.Rd4 f5 24.Rcd1 Ne6 25.R4d2 Qf7 26.Nb5 Red8 27.Nd4 Nxd4 28.Rxd4 Qh5 29.f3 Qe8
30.Kf2 Qg6 31.fxg4 Rf8 32.Rf4 fxg4 33.Qxg6+ hxg6 34.Bxg4 Rc5 35.Rc1 Rb5 36.Rc2 Rxf4+
37.gxf4 Na4 38.Bd7 Ra5 39.Bxa4 Rxa4 40.a3 Bc8 41.Rd2 Ra5 42.e4 Be6 43.exd5 Bxd5
44.Nc2 Kg7 45.Ke3 Kf6 46.Kd4 Be6 47.Ne3 g5 48.f5 Bxf5 49.Rf2 g4 50.Kxc4 Kg5
51.b4 Be6+ 52.Kd4  1/2-1/2

[Event "1st ch-CHN Rapid Men Prelim"]
[Site "Hefei CHN"]
[Date "2011.07.05"]
[Round "8.2"]
[White "Ding Liren"]
[Black "Wang Yue"]
[Result "1/2-1/2"]
[WhiteElo "2654"]
[BlackElo "2709"]

1.d4 Nf6 2.c4 e6 3.Nf3 d5 4.Nc3 Be7 5.Bf4 O-O 6.e3 Nbd7 7.c5 Nh5 8.Bd3 Nxf4
9.exf4 b6 10.b4 a5 11.a3 c6 12.O-O Qc7 13.g3 Ba6 14.Rb1 Bxd3 15.Qxd3 axb4
16.axb4  1/2-1/2

[Event "ch-NOR"]
[Site "Oslo NOR"]
[Date "2011.07.05"]
[Round "4"]
[White "Thomassen,J"]
[Black "Getz,N"]
[Result "1/2-1/2"]
[WhiteElo "2400"]
[BlackElo "2385"]

1.d4 e6 2.c4 Nf6 3.Nf3 d5 4.Nc3 Be7 5.Bf4 O-O 6.e3 Nbd7 7.a3 c6 8.h3 a5 9.Qc2 g6
10.Bd3 dxc4 11.Bxc4 b5 12.Bd3 Bb7 13.O-O b4 14.Ne4 Nxe4 15.Bxe4 Qb6 16.Ne5 Nxe5
17.Bxe5 Rfc8 18.axb4 Bxb4 19.Qe2 Be7 20.Rfc1 f6 21.Bg3 c5 22.dxc5 Bxc5 23.Bxb7 Qxb7
24.Rc2 Be7 25.Rac1 e5 26.Qg4 Rxc2 27.Qe6+ Kg7 28.Rxc2 Ra6 29.Qg4 Rc6 30.Rd2 Rd6
31.Rxd6 Bxd6 32.Qe6 Bb4 33.Qc4 Qf7 34.Qd3 Qc7 35.Kh2 Bd6 36.Qd5 Qc5  1/2-1/2

[Event "Lev Polugaevsky Mem"]
[Site "Samara RUS"]
[Date "2011.07.05"]
[Round "1"]
[White "Tunik,G"]
[Black "Komendatyan,Artyom"]
[Result "1-0"]
[WhiteElo "2440"]
[BlackElo "2001"]

1.d4 d5 2.c4 e6 3.Nf3 Nf6 4.Nc3 Be7 5.Bf4 O-O 6.e3 Nbd7 7.c5 Nh5 8.Bd3 Nxf4
9.exf4 Re8 10.O-O c6 11.Re1 Qc7 12.g3 f6 13.Rxe6 Nxc5 14.Rxe7 Qxe7 15.dxc5 Qxc5
16.Qc2 h6 17.Qd2 Bg4 18.Nd4 Qd6 19.Bc2 Be6 20.Qd3 Rad8 21.Qh7+ Kf8 22.Nf5 Qd7
23.Nh4 Bg8 24.Qh8 b5 25.Bh7 Kf7 26.Nf5 Bxh7 27.Qxh7  1-0

[Event "6th Polonia Wroclaw Open A"]
[Site "Wroclaw POL"]
[Date "2011.07.05"]
[Round "3"]
[White "Janocha,W"]
[Black "Tworzydlo,P"]
[Result "1-0"]
[WhiteElo "2275"]
[BlackElo "2064"]

1.d4 d5 2.c4 e6 3.Nc3 Nf6 4.Nf3 Be7 5.Bf4 c6 6.e3 Nbd7 7.c5 Nh5 8.Bd3 Nxf4
9.exf4 Bf6 10.b4 g6 11.O-O a5 12.a3 b5 13.Ne5 Nxe5 14.dxe5 Be7 15.Ne2 f6
16.Nd4 Bd7 17.Re1 O-O 18.Qc2 fxe5 19.fxe5 Qe8 20.g3 Ra7 21.Nb3 a4 22.Nd4 Rc7
23.h4 Qf7 24.Kg2 Be8 25.Re3 Qg7 26.Nxe6  1-0

[Event "5th Varna Open"]
[Site "Golden Sands BUL"]
[Date "2011.07.07"]
[Round "6"]
[White "Idrisov,T"]
[Black "Granovskiy,A"]
[Result "1/2-1/2"]
[WhiteElo "2225"]
[BlackElo "2288"]

1.d4 d5 2.c4 e6 3.Nc3 Be7 4.Nf3 Nf6 5.Bf4 O-O 6.e3 c5 7.cxd5 Nxd5 8.Nxd5 Qxd5
9.dxc5 Qxc5 10.Bd3 Qa5+ 11.Ke2 Nc6 12.a3 e5 13.b4 Qc7 14.Bg3 a6 15.Qc2 g6
16.Nxe5 Bd6 17.Nxc6 bxc6 18.Bxd6 Qxd6 19.Qc5 Qf6 20.Rhc1 a5 21.Kf1 axb4 22.Qxb4 Rd8
23.Be2 Ba6 24.Bxa6 Rxa6 25.Ra2 Qe5 26.h3 Qh2 27.Qc4 Rda8 28.f3 Rxa3 29.Rxa3 Rxa3
30.Qxc6 Ra2 31.Rc2 Ra1+ 32.Kf2 Qg1+ 33.Kg3 Qxe3  1/2-1/2

[Event "Oberwart Open"]
[Site "Oberwart AUT"]
[Date "2011.07.09"]
[Round "1.2"]
[White "Palac,M"]
[Black "Stolterfoht,D"]
[Result "1-0"]
[WhiteElo "2592"]
[BlackElo "2118"]

1.d4 d5 2.c4 e6 3.Nf3 Be7 4.Nc3 Nf6 5.Bf4 O-O 6.Qc2 c6 7.e3 Nbd7 8.Bd3 dxc4
9.Bxc4 b5 10.Bd3 Bb7 11.O-O a6 12.Rfd1 Qc8 13.a4 b4 14.Ne4 Nxe4 15.Bxe4 f5
16.Bd3 c5 17.Bc4 Nb6 18.dxc5 Nxc4 19.Qxc4 Bd5 20.Rxd5 exd5 21.Qxd5+ Kh8 22.Ne5 Bf6
23.Rc1 Ra7 24.Nc4 Qd8 25.Bd6 Be7 26.Ne5 Qa8 27.Qxa8 Rfxa8 28.Nc6 Bxd6 29.Nxa7 Be5
30.Nc6 Bxb2 31.Rb1 Bc3 32.Nxb4 Kg8 33.Nd5 Be5 34.f4 Bb8 35.c6 Ba7 36.c7 Kf7
37.Rb7  1-0

[Event "8th South Wales Int"]
[Site "Penarth WLS"]
[Date "2011.07.09"]
[Round "1.1"]
[White "Jaunooby,A"]
[Black "Radulski,J"]
[Result "0-1"]
[WhiteElo "2130"]
[BlackElo "2556"]

1.c4 e6 2.Nc3 d5 3.d4 Nf6 4.Nf3 Be7 5.Bf4 O-O 6.e3 c5 7.Qc2 cxd4 8.exd4 Nc6
9.O-O-O Bd7 10.a3 Rc8 11.c5 b6 12.Ba6 bxc5 13.Bxc8 Qxc8 14.dxc5 Bxc5 15.Nb5 Na5
16.Nbd4 Bxd4 17.Nxd4 Ba4 18.Qxc8 Rxc8+ 19.Kb1 Bxd1 20.Rxd1 Nd7 21.Nb5 a6
22.Nc7 g5 23.Bg3 Nb8 24.Nxd5 exd5 25.Rxd5 Nc4 26.Rxg5+ Kf8 27.Rh5 Kg7 28.Rg5+ Kf6
29.Bh4 Ke6 30.Rh5 Nd7 31.Ka2 Nd6 32.Rxh7 Nf5 33.Bg5 Rg8 34.h4 Nf6 35.Bxf6 Kxf6
36.g4 Rxg4 37.Rh8 Rxh4 38.Ra8 Rf4 39.Rxa6+ Ke5 40.Ra7 Nd6 41.a4 Rxf2 42.a5 Rc2
43.a6 Rc8 44.Re7+ Kd5 45.b4 f5 46.Kb3 Ra8 47.b5 Nxb5 48.Kb4 Nd6 49.Ka5 f4
50.Re1 Nc4+ 51.Kb5 Rb8+ 52.Ka4 Kc5  0-1

[Event "Lev Polugaevsky Mem"]
[Site "Samara RUS"]
[Date "2011.07.09"]
[Round "5"]
[White "Papin,V"]
[Black "Ziatdinov,R"]
[Result "1-0"]
[WhiteElo "2565"]
[BlackElo "2413"]

1.d4 d5 2.c4 e6 3.Nf3 Nf6 4.Nc3 Be7 5.Bf4 O-O 6.a3 Nbd7 7.Nb5 Ne8 8.e3 f5
9.h3 Ndf6 10.g4 Ne4 11.gxf5 c6 12.Nc3 exf5 13.Rg1 Be6 14.Qc2 Qa5 15.Ne5 Nxc3
16.bxc3 c5 17.cxd5 Bxd5 18.Bc4 cxd4 19.Bxd5+ Qxd5 20.cxd4 Kh8 21.Kf1 Nd6
22.Qe2 Rac8 23.Qh5 Kg8 24.Rg2 Bf6 25.Kg1 Nc4 26.Ng4 Kh8 27.Nxf6 Rxf6 28.Rc1 Rcf8
29.a4 Rc6 30.Rxc4 Qxc4 31.Be5 Rg8 32.Qxf5 Qe6 33.Qe4 Qf7 34.Kh2 Rh6 35.d5 Qd7
36.Rg3 Ra6 37.Rg4 Qf7 38.Rf4 Qg6 39.Qd4 h5 40.d6 Rd8 41.Qd5 Rc6 42.Rd4 Rd7
43.Bg3 Rc8 44.e4 Re8 45.e5 Qe6 46.Qxe6 Rxe6 47.f4 g6 48.Kg2 Kg8 49.Kf3 Kf7
50.Ke4 Re8 51.Kd5 Re6 52.Bh4 Re8 53.Re4 Re6 54.f5 gxf5 55.Rf4  1-0

[Event "Pinnacle 48th COCC"]
[Site "Toronto CAN"]
[Date "2011.07.10"]
[Round "2"]
[White "Golod,V"]
[Black "Moffat,A"]
[Result "1-0"]
[WhiteElo "2582"]
[BlackElo "2120"]

1.d4 d5 2.c4 e6 3.Nf3 Nf6 4.Nc3 Be7 5.Bf4 O-O 6.e3 c5 7.dxc5 Qa5 8.a3 dxc4
9.Bxc4 Qxc5 10.Bd3 Nc6 11.Rc1 Rd8 12.O-O e5 13.Bg5 Bg4 14.Bxf6 Bxf6 15.Qc2 g6
16.Nd2 Bg7 17.Nde4 Qe7 18.Bc4 Bf5 19.Nd5 Qh4 20.f3 Rac8 21.g3 Bxe4 22.Qf2 Qg5
23.fxe4 Rf8 24.b4 Kh8 25.Be2 f5 26.b5 Nd4 27.Rxc8 Nxe2+ 28.Qxe2 Rxc8 29.Qf3 Rd8
30.Kg2 h5 31.h4 Qg4 32.Qxg4 hxg4 33.Ne7 Rd3 34.exf5 gxf5 35.Rxf5  1-0

[Event "31st Benasque Open"]
[Site "Benasque ESP"]
[Date "2011.07.11"]
[Round "5"]
[White "Stocek,J"]
[Black "Levin,F"]
[Result "1/2-1/2"]
[WhiteElo "2596"]
[BlackElo "2475"]

1.d4 d5 2.c4 e6 3.Nc3 Nf6 4.Nf3 Be7 5.Bf4 O-O 6.Qc2 dxc4 7.e4 Nc6 8.Rd1 Nb4
9.Qb1 Nd3+ 10.Bxd3 cxd3 11.O-O b6 12.Qxd3 Bb7 13.Rfe1 h6 14.h3 Bb4 15.a3 Bxc3
16.bxc3 c5 17.Bg3 cxd4 18.Bh4 Qc7 19.Bxf6 gxf6 20.cxd4 Qf4 21.d5 Rfd8 22.d6 h5
23.g3 Qh6 24.Rc1 Rd7 25.Rc7 Rad8 26.Qb5 Rxc7 27.dxc7 Rc8 28.Qd7 Qf8 29.Rd1 Qc5
30.Qd8+ Kg7 31.e5 Qxc7 32.Qxf6+ Kg8 33.Qg5+ Kf8 34.Qh6+ Kg8 35.Qg5+ Kf8 36.Qh6+ Kg8
37.Qxh5 Bxf3 38.Qxf3 Qxe5 39.Rd7 Qf5 40.Qxf5 exf5 41.Rxa7 Rc3 42.Kg2 Kg7
43.a4 Rb3 44.Ra6 f6 45.h4 Kg6 46.Ra8 Ra3 47.Rg8+ Kh7 48.Ra8 Kg6 49.Ra6 Rb3
50.Kf1 Rb2 51.Ra7 Ra2 52.Kg2 b5 53.a5 b4 54.Rb7 Rxa5 55.Rxb4 Ra3 56.Rd4 Rb3
57.Kf1 Rb2 58.Ke1 Ra2 59.Rd2 Ra3 60.Rd4 Ra2 61.Rb4 Rc2 62.Ra4 Rb2 63.Kf1 Rc2
64.Ra3 Rb2 65.Kg2 Rb4 66.Kf3 Rc4 67.Rd3 Ra4 68.Ke2 Re4+ 69.Kd2 Ra4 70.Rd6 f4
71.g4 f3 72.h5+ Kg5 73.Ke3 Rxg4 74.Kxf3 Rh4 75.Rd5+  1/2-1/2

[Event "ch-Central Serbia Int Open A"]
[Site "Paracin SRB"]
[Date "2011.07.11"]
[Round "4.3"]
[White "Doric,D"]
[Black "Abramovic,B"]
[Result "1/2-1/2"]
[WhiteElo "2491"]
[BlackElo "2464"]

1.d4 d5 2.c4 e6 3.Nc3 Be7 4.Nf3 Nf6 5.Bf4 O-O 6.e3 c5 7.dxc5 Bxc5 8.a3 Nc6
9.Qc2 Be7 10.cxd5 exd5 11.Be2 Be6 12.O-O h6 13.Rfd1 Bd6 14.Bxd6 Qxd6 15.Nb5 Qe7
16.Nbd4 Rac8 17.Qa4 a6 18.Rac1 Nxd4 19.Nxd4 Rc7 20.Qa5 Rfc8 21.Rxc7 Qxc7
22.Qxc7 Rxc7 23.Kf1 Kf8 24.Ke1 Ke7 25.f3 a5 26.Kd2 Ne8 27.Rc1 Rxc1 28.Kxc1 Nc7
29.Kc2 Bd7 30.Kc3 b6 31.b4 axb4+ 32.axb4 Kd6 33.f4 g6 34.g3 Ne6 35.Nxe6 Bxe6
36.Kd4 f6 37.Bd3 g5 38.Bc2 Bh3 39.Bd3 Bg2 40.Bf5 Bf3 41.h4 Bd1  1/2-1/2

[Event "XXVI Tadeusza Gniota"]
[Site "Police POL"]
[Date "2011.07.11"]
[Round "7.1"]
[White "Olszewski,Mi"]
[Black "Vysochin,S"]
[Result "0-1"]
[WhiteElo "2541"]
[BlackElo "2552"]

1.d4 d5 2.c4 e6 3.Nc3 Be7 4.Nf3 Nf6 5.Bf4 O-O 6.a3 Nbd7 7.Nb5 Ne8 8.e3 dxc4
9.Bxc4 Nd6 10.Rc1 a6 11.Nxd6 Bxd6 12.Bg3 b6 13.Bd3 Bb7 14.Qc2 h6 15.Bh7+ Kh8
16.Be4 Bxe4 17.Qxe4 Bxg3 18.hxg3 c5 19.Rd1 Qe7 20.Ke2 Rfd8 21.d5 Nf6 22.d6 Qe8
23.Qe5 Kg8 24.Rh4 Qc6 25.g4 Ne4 26.g5 Nxd6 27.gxh6 Nf5 28.Rxd8+ Rxd8 29.Rg4 Qb5+
30.Ke1 Qd3 31.Rxg7+ Kf8 32.Nd4 cxd4 33.h7 Qb1+ 34.Ke2 Qc2+ 35.Ke1 Ke7 36.Rg8 d3  0-1

[Event "Nana Aleksandria Cup"]
[Site "Poti GEO"]
[Date "2011.07.11"]
[Round "1"]
[White "Nigalidze,G"]
[Black "Nadirashvili,S"]
[Result "1-0"]
[WhiteElo "2448"]
[BlackElo "1985"]

1.d4 d5 2.c4 e6 3.Nc3 Be7 4.Nf3 Nf6 5.Bf4 O-O 6.e3 c5 7.dxc5 Bxc5 8.cxd5 exd5
9.Be2 Be6 10.O-O Nc6 11.Nb5 Rc8 12.Rc1 Ne4 13.Bd3 Qb6 14.Qe2 a6 15.Nc3 Nxc3
16.Rxc3 d4 17.Ng5 g6 18.Nxe6 fxe6 19.Rb3 Qd8 20.Rxb7 Na5 21.exd4 Qd5 22.dxc5 Rxf4
23.Rb6 Nc6 24.Bxa6 Nd4 25.Qe3 Rcf8 26.b4 Rg4 27.Bb7 Qxa2 28.h3 Rgf4 29.g3 Ne2+
30.Kg2 R4f6 31.Rd6 Nc3 32.Rd2 Qc4 33.Rd4 Qa2 34.h4 Qb3 35.c6 Qb2 36.c7 Nb5
37.Rd2  1-0

[Event "Nana Aleksandria Cup"]
[Site "Poti GEO"]
[Date "2011.07.11"]
[Round "1"]
[White "Chighladze,I"]
[Black "Shonia,G"]
[Result "1-0"]
[WhiteElo "2401"]
[BlackElo "1827"]

1.d4 d5 2.c4 e6 3.Nf3 Nf6 4.Nc3 Be7 5.Bf4 O-O 6.e3 c5 7.dxc5 Bxc5 8.cxd5 Nxd5
9.Nxd5 exd5 10.a3 Bf5 11.Bd3 Qd7 12.Ne5 Qe6 13.Bxf5 Qxf5 14.Qxd5 Bb6 15.Qxb7 g5
16.Bg3 Qc8 17.Qxa8  1-0

[Event "3rd International Open"]
[Site "Rethymno GRE"]
[Date "2011.07.11"]
[Round "1"]
[White "Maiorov,N1"]
[Black "Koumis,Filippos"]
[Result "1-0"]
[WhiteElo "2535"]
[BlackElo "1794"]

1.d4 Nf6 2.c4 e6 3.Nc3 d5 4.Nf3 Be7 5.Bf4 c6 6.e3 Nbd7 7.h3 O-O 8.Qc2 b6
9.cxd5 exd5 10.Bd3 Re8 11.O-O Bb7 12.Ne5 h6 13.Bh2 Rc8 14.Rad1 c5 15.Bf5 Bd6
16.Qa4 Bxe5 17.dxe5 Bc6 18.Qa6 Nh7 19.Nxd5 Qg5 20.f4 Qd8 21.Qxa7 Nhf8 22.Qa3 Ne6
23.Qd3 b5 24.Qd2 Nb6 25.e4 Ra8 26.b4 Nc4 27.Qf2 cxb4 28.Nf6+  1-0

[Event "3rd International Open"]
[Site "Rethymno GRE"]
[Date "2011.07.12"]
[Round "3"]
[White "Banikas,H"]
[Black "Stubberud,O"]
[Result "1-0"]
[WhiteElo "2593"]
[BlackElo "2322"]

1.d4 d5 2.c4 e6 3.Nc3 Be7 4.Nf3 Nf6 5.Bf4 O-O 6.e3 b6 7.Qc2 dxc4 8.Bxc4 Bb7
9.O-O-O Bb4 10.Bd3 Bxc3 11.bxc3 Qe7 12.e4 Ba6 13.c4 Nc6 14.e5 Qa3+ 15.Qb2 Qxb2+
16.Kxb2 Nd7 17.Kc3 Ne7 18.Be4 Rac8 19.Rhe1 b5 20.d5 Nc5 21.Bg5 Nxe4+ 22.Rxe4 exd5
23.cxd5 Nxd5+ 24.Rxd5 Bb7 25.Red4 c5 26.Rd1 Bxd5 27.Rxd5 Rc7 28.Nd2 Rb8 29.Be3 c4
30.Bc5 a5 31.Bd6 Rd7 32.Rc5  1-0

[Event "10th Condom GM"]
[Site "Condom FRA"]
[Date "2011.07.13"]
[Round "6"]
[White "Demuth,A"]
[Black "Grigore,Ge"]
[Result "1/2-1/2"]
[WhiteElo "2427"]
[BlackElo "2488"]

1.d4 d5 2.c4 e6 3.Nf3 Nf6 4.Nc3 Be7 5.Bf4 O-O 6.e3 b6 7.cxd5 Nxd5 8.Nxd5 Qxd5
9.Bd3 Qa5+ 10.Nd2 Ba6 11.Bxa6 Nxa6 12.O-O c5 13.Nb3 Qb5 14.Qg4 Bf6 15.Bg5  1/2-1/2

[Event "Oberwart Open"]
[Site "Oberwart AUT"]
[Date "2011.07.13"]
[Round "5"]
[White "Portenschlager,P"]
[Black "Kammerer,G"]
[Result "0-1"]
[WhiteElo "2140"]
[BlackElo "2041"]

1.d4 d5 2.Nf3 Nf6 3.c4 e6 4.Nc3 Be7 5.Bf4 O-O 6.e3 Nbd7 7.h3 a6 8.c5 Ne4
9.Bd3 f5 10.O-O Bf6 11.Rc1 c6 12.Bh2 Qe8 13.Na4 e5 14.Re1 Nxf2 15.Kxf2 e4
16.Be2 exf3 17.Bxf3 Bh4+ 18.g3 Bd8 19.Kg2 Bc7 20.Qb3 Qf7 21.Rf1 Nf6 22.Nb6 Rb8
23.Nxc8 Rfxc8 24.g4 Qg6 25.Bxc7 Rxc7 26.Qc2 fxg4 27.Bxg4 Ne4 28.Rf5 Rf8 29.Rcf1 Rcf7
30.Rxf7 Rxf7 31.Rxf7 Kxf7 32.Qb3 h5 33.Qxb7+ Kg8 34.Qxa6 hxg4 35.Qc8+ Kf7
36.Qd7+ Kf8 37.hxg4 Qf6 38.Qf5 Ke7 39.Qxf6+ Kxf6 40.a4 Ke6 41.Kf3 g5 42.Ke2 Kd7
43.Kd3 Nf2+ 44.Ke2 Nxg4 45.b4 Nf6 46.b5 Ne4 47.Kf3 Nc3 48.b6 Kc8 49.Kg4 Nd1
50.Kxg5 Nxe3 51.Kf4 Nc2 52.Ke5 Kb8 53.a5 Kb7 54.Kd6 Nxd4 55.a6+ Kxa6 56.Kc7 Ne6+
57.Kxc6 d4 58.Kd7 Nxc5+ 59.Kc6 Nb7  0-1

[Event "Open ch-SVK A"]
[Site "Banska Stiavnica SVK"]
[Date "2011.07.14"]
[Round "6"]
[White "Markos,J"]
[Black "Likavsky,T"]
[Result "1-0"]
[WhiteElo "2585"]
[BlackElo "2494"]

1.d4 d5 2.c4 e6 3.Nc3 Be7 4.Nf3 Nf6 5.Bf4 O-O 6.e3 Nbd7 7.a3 c5 8.cxd5 Nxd5
9.Nxd5 exd5 10.dxc5 Nxc5 11.Be5 Bf6 12.Bxf6 Qxf6 13.Qd4 Qe7 14.Rd1 Rd8 15.Be2 Bf5
16.Qf4 Bc2 17.Rc1 Bd3 18.Qe5 Qf8 19.Rc3 Bxe2 20.Kxe2 Ne6 21.Rd1 Qd6 22.Qxd6 Rxd6
23.Nd4 Kf8 24.Rb3 Rd7 25.Rbd3 Rc8 26.Nb5 Rc2+ 27.R3d2 Rxd2+ 28.Rxd2 a6 29.Nd4 Ke7
30.Nf3 Rd6 31.g3 Rb6 32.Ne5 f6 33.Nd3 Rb3 34.Nb4 d4 35.exd4 Kd6 36.Na2 g5
37.Nc3 f5 38.Kd3 g4 39.Kc4 Rb6 40.d5 Ng5 41.Re2 Nf3 42.b4 Ne5+ 43.Kb3 h6
44.Na4 Rb5 45.Nc5 Kxd5 46.Rd2+ Kc6 47.a4 Rb6 48.Ne6 Nf3 49.Rd3 Ne5 50.Rd1 Nf3
51.Kc3 Ng5 52.a5 Nxe6 53.axb6 Ng5 54.Rd8 Ne4+ 55.Kd4 Kxb6 56.Rd5 Nxf2 57.Rxf5 Nh3
58.Rh5 Ng1 59.Ke3 Nf3 60.h4 Ne1 61.Rxh6+ Kb5 62.Kd2 Nf3+ 63.Kc3  1-0

[Event "3rd Artemis Cup"]
[Site "Leros GRE"]
[Date "2011.07.14"]
[Round "4.3"]
[White "Pavlidis,Ana"]
[Black "Mastrovasilis,A"]
[Result "1/2-1/2"]
[WhiteElo "2323"]
[BlackElo "2537"]

1.d4 Nf6 2.c4 e6 3.Nf3 d5 4.Nc3 Be7 5.Bf4 O-O 6.e3 b6 7.Bd3 Ba6 8.cxd5 Nxd5
9.Nxd5 Qxd5 10.O-O c5 11.e4 Qb7 12.d5 exd5 13.exd5 Rd8 14.d6 Nc6 15.Bxa6 Qxa6
16.Qd5 Nb4 17.Qe4 Bf6 18.Rad1 Qxa2 19.d7 Qe6 20.Qb7 Qc6 21.Qxc6 Nxc6 22.Bc7 Nd4
23.Bxd8 Rxd8 24.Rfe1 Kf8 25.Ne5 Bxe5 26.Rxe5 Rxd7 27.Kf1 f6 28.Re4 a5 29.f4 Kf7
30.g4 a4 31.f5 Ra7 32.Kf2 h5 33.h3 a3 34.bxa3 Rxa3 35.Re3 Ra2+ 36.Kf1 hxg4
37.hxg4 Ra4 38.Re4 Ra2 39.Re3 Rh2 40.Kg1 Rh4 41.Re4 g6 42.fxg6+ Kxg6 43.Rexd4 cxd4
44.Rxd4 Kg5 45.Rd5+ Kxg4 46.Rb5 f5 47.Rxb6 Rh3 48.Rb8 Ra3 49.Kf2 Ra2+ 50.Kf1 f4
51.Rb3  1/2-1/2

[Event "3rd International Open"]
[Site "Rethymno GRE"]
[Date "2011.07.14"]
[Round "5"]
[White "Simonian,T"]
[Black "Royset,P"]
[Result "1/2-1/2"]
[WhiteElo "2294"]
[BlackElo "2215"]

1.d4 Nf6 2.c4 e6 3.Nf3 d5 4.Nc3 Be7 5.Bf4 O-O 6.e3 c6 7.h3 Nbd7 8.c5 b6 9.b4 bxc5
10.bxc5 Qa5 11.Qd2 Bd8 12.Bd3 Ba6 13.O-O Ne4 14.Nxe4 Qxd2 15.Nexd2 Bxd3 16.Rfc1 f6
17.Rc3 Be2 18.Bd6 Re8 19.Rb3 Ba6 20.Ra3 Bb5 21.Nb1 a5 22.Nc3 Ba6 23.Rb1 e5
24.Rab3 Kf7 25.Na4 Ke6 26.Re1 Bb5 27.Nc3 a4 28.Rxb5 cxb5 29.Nxb5 e4 30.Nh2 Ba5
31.Rc1 Rec8 32.f3 f5 33.Rd1 Nf6 34.Nf1 Ne8 35.fxe4 fxe4 36.Be5 Nc7 37.Nd6 Rcb8
38.Ng3 g6 39.Rf1 Rb2 40.c6 Ne8 41.Rf8 Ke7 42.Rf7+ Ke6 43.Rf8 Ke7 44.Rf7+ Ke6  1/2-1/2